| 000 | 00818aam a2200301 i 4500 | ||
|---|---|---|---|
| 001 | 768714001 | ||
| 003 | CO-MdFUSB | ||
| 005 | 20250520095310.0 | ||
| 007 | ta | ||
| 008 | 250520t1981 -us |||| |||| 00| 0 eng d | ||
| 020 | _a0-8307-0749-2 | ||
| 040 | _cCO-MdFUSB | ||
| 041 | 0 | _aeng | |
| 082 | 0 | 4 |
_223 _a248.4 _bA921c |
| 100 | 1 |
_aAugsburger, David W. _eautor |
|
| 245 | 1 | 0 |
_aCaring enough to forgive _b: true and false forgivenness _c/ David Augsburger |
| 264 | 1 |
_bRegal Books, _aVentura, CA., USA : _c[1981] |
|
| 264 | 4 | _c©1981 | |
| 300 | _ados libros en uno | ||
| 336 |
_atexto _btxt _2rdacontent |
||
| 337 |
_2rdamedia _asin mediación _bn |
||
| 338 |
_2rdacarrier _avolumen _bnc |
||
| 563 | _aRústico | ||
| 650 | 0 |
_aVida cristiana _919 |
|
| 942 | _cBK | ||
| 945 | _aJTF-925 | ||
| 999 |
_c32375 _d32375 |
||